| 000 | 00336nam a2200133Ia 4500 | ||
|---|---|---|---|
| 008 | 190704s9999||||xx |||||||||||||| ||und|| | ||
| 020 | _a9780618212903 | ||
| 082 |
_a791.43615 _bRUS/T |
||
| 100 | _aRussell, Gary | ||
| 245 | 4 | _aThe Lord of the Rings: | |
| 260 |
_aNew Yark _bHoughton Mifflin Company _c2002 |
||
| 300 | _a192p. | ||
| 942 | _cBK | ||
| 999 |
_c6364 _d6364 |
||